عہد عثما نی کے فر ا مين و د ستا و يز ا ت کا لسا نی و ا سلو بيا تی مطا لعہ (Record no. 174387)
[ view plain ]
| 000 -LEADER | |
|---|---|
| fixed length control field | 00795nam a22001937a 4500 |
| 005 - DATE AND TIME OF LATEST TRANSACTION | |
| control field | 20200611125045.0 |
| 010 ## - LCCN (DPL NO) | |
| LC control number | UR-10786 |
| 020 ## - INTERNATIONAL STANDARD BOOK NUMBER | |
| Terms of availability | 500.00 |
| International Standard Book Number | 9789387248410 |
| 035 ## - SYSTEM CONTROL NUMBER | |
| System control number | U-9341 |
| 037 ## - SOURCE OF ACQUISITION | |
| Source of stock number/acquisition | DBAD/PUB |
| 082 ## - DEWEY DECIMAL CLASSIFICATION NUMBER | |
| Classification number | 927.44 |
| 100 ## - MAIN ENTRY--PERSONAL NAME | |
| Personal name | غو ثيہ با نو |
| 245 ## - TITLE STATEMENT | |
| Title | عہد عثما نی کے فر ا مين و د ستا و يز ا ت کا لسا نی و ا سلو بيا تی مطا لعہ |
| Statement of responsibility, etc | غو ثيہ با نو |
| 246 ## - VARYING FORM OF TITLE | |
| Remainder of title | Ahdy Usmani Ke Farameen o Dastavezaat Ka Lisaani o Uslobiyati Mutalia (Urdu) |
| Title proper/short title | by Ghousia Banu |
| 260 ## - PUBLICATION, DISTRIBUTION, ETC. (IMPRINT) | |
| Place of publication, distribution, etc | Hyderabad |
| Name of publisher, distributor, etc | Tanveer Publishers |
| Date of publication, distribution, etc | 2019 ء |
| 270 ## - ADDRESS | |
| Address | 11-6-837,2nd Floor,Sana Appartment Red Hills, |
| City | Hyderabad,Telangana , |
| Postal code | - |
| Telephone number | 917207838273 |
| Fax number | - |
| 300 ## - PHYSICAL DESCRIPTION | |
| Extent | 328 ص |
| Dimensions | 22 Cm(Hb) |
| 942 ## - ADDED ENTRY ELEMENTS (KOHA) | |
| Source of classification or shelving scheme | Dewey Decimal Classification |
| Item type | Urdu Bks |
| Classification part | 927.44 |
| Call number suffix | غ و ث |
| Withdrawn status | Lost status | Not for loan | Collection code | Home library | Current library | Date acquired | Source of acquisition | Cost, normal purchase price | Full call number | Barcode | Copy number | Cost, replacement price | Koha item type |
|---|---|---|---|---|---|---|---|---|---|---|---|---|---|
| Non-fiction | Central Library | Central Library | 11/06/2020 | DBAD/PUB | 500.00 | 927.44 غ و ث | U-9341 | 1 | 500.00 | Urdu Bks |
